000 01164cam a22003377a 4500
003 CHAP
005 20220329141116.0
008 971014s1986 r 00010 d
010 _a62683
011 _a63655
035 _a67832
040 _cCHAP
090 _aTesis
100 0 0 _aRodríguez Villanueva, Agustín.
_998954
245 1 4 _aLos costos de producción de la leche, en la cuenca lechera de Tizayuca, Hidalgo
260 _aChapingo, Méx. :
_bEl autor,
_c1986
300 _a104 p.
502 _aTesis (Ing. Agr. Esp. en Economía Agrícola) -- UACH. Departamento de Economía Agrícola
590 _aALEPH
_b10
_c20130110
_lUCH01
_h1346
590 _aBATCH-UPD
_b10
_c20130110
_lUCH01
_h0817
590 _aBATCH-UPD
_b10
_c20130410
_lUCH01
_h0455
590 _aBATCH-UPD
_b10
_c20130914
_lUCH01
_h1517
590 _aCONVERSION
_b10
_c20130109
_lUCH01
_h1334
650 1 4 _aGanado lechero
_xHidalgo.
_945270
650 1 4 _aLeche
_xCostos de producción.
_965371
650 1 4 _aLeche
_xProducción.
_965400
901 _aBK
942 _cFOLL
949 _bBC
_cTES
_d33724000636577
_eTS2
_fc.2
_h31284
_i67832
_si
949 _bBC
_cTES
_d678321
_eTS1
_h31283
_i67832
_sb
999 _c62683
_d62683